Catalog

Record Details

Catalog Search



Available copies

  • 1 of 1 copy available at LARL/NWRL Consortium.
  • 1 of 1 copy available at Lake Agassiz Regional Library. (Show preferred library)

Current holds

0 current holds with 1 total copy.

Show Only Available Copies
Location Call Number / Copy Notes Barcode Shelving Location Status Due Date
Crookston Public Library 949.71 Hun (Text) 33500007551633 Main Available -

Record details

  • ISBN: 1585422118
  • Physical Description: 236 p. ; 22 cm.
  • Publisher: New York : Jeremy P. Tarcher/Putnam, 2003.
Subject: Kosovo (Republic) > Description and travel.
Huntley, Paula > Diaries.
LDR 00935cam a22002538a 4500
00147494
003LARL_NWRL_CONSORTIUM
00520020821143309.0
008020809s2003 nyu 000 0deng
020 . ‡a1585422118
035 . ‡a(OCoLC)50476742
03500. ‡ilcmarc/BBE-7340/LARLTECH
040 . ‡aDLC ‡cDLC
08200. ‡a949.71 ‡221
092 . ‡a949.71 ‡bHun
1001 . ‡aHuntley, Paula. ‡0(LARL_NWRL_CONSORTIUM)82439
24514. ‡aThe Hemingway book club of Kosovo / ‡cPaula Huntley.
260 . ‡aNew York : ‡bJeremy P. Tarcher/Putnam, ‡c2003.
300 . ‡a236 p. ; ‡c22 cm.
651 0. ‡aKosovo (Republic) ‡xDescription and travel.
60010. ‡aHuntley, Paula ‡vDiaries.
901 . ‡a47494 ‡bOCLC ‡c47494 ‡tbiblio

Additional Resources